Las Vegas - Choix multiples - Statistiques

Statistiques générales
  • Ce quiz a été pris 5 029 fois
    4 977 depuis la dernière actualisation
  • Le résultat moyen est 8 sur 10
Statistiques - réponses
Question Réponse % Correct
Quel monument français possède sa réplique de 165 mètres de haut à Las Vegas ? La Tour Eiffel
96%
Las Vegas se trouve... En plein désert
94%
Comment surnomme-t-on Las Vegas ? La Ville du pêché
83%
Quelle image NE représente PAS un élément emblématique de Las Vegas ?
80%
Dans quel État se situe Las Vegas ? Le Nevada
79%
Lequel de ces films se déroule à Las Vegas ? Very Bad Trip
78%
Quel chanteur s'est produit à l'International Las Vegas Hotel entre 1969 et 1976 pour plus de 600 concerts ? Elvis Presley
77%
Qu'est-ce que la "Sphere", inaugurée en 2023 ? Un auditorium recouvert d'un écran géant
69%
Quelle communauté a fondé Las Vegas en 1855 ? Les Mormons
52%
Qu’auriez-vous pu faire à Las Vegas dans les années 1950 ? Observer des essais nucléaires
50%
Aucun quiz correspondant
Distribution des résultats
% des personnes avec chaque résultat
Percentile par nombre de réponses
Votre historique - résultats
Vous n’avez pas pris ce quiz depuis la dernière actualisation